Zmena výšky minimálnej mzdy a jej vplyv na odvody do fondov v prípade SZČO
Nariadenie vlády SR č. 525/2004 Z.z., ktorým sa ustanovuje nová výška minimálnej mzdy - platné od 1. októbra 2004. História, funkcie a právna úprava minimálnej mzdy. Súčasná platná právna úprava minimálnej mzdy v SR. Výška minimálnej mzdy. Kratší pracovný čas. Minimálne mzdové nároky. Minimálna mzda...
Guardado en:
| Autor principal: | |
|---|---|
| Formato: | Capítulo de libro |
| Lenguaje: | eslovaco |
| Materias: | |
| Etiquetas: |
Sin Etiquetas, Sea el primero en etiquetar este registro!
|
MARC
| LEADER | 00000naa$a2200000$$$4500 | ||
|---|---|---|---|
| 001 | 0022749 | ||
| 005 | 20231106070721.0 | ||
| 041 | 0 | |a slo | |
| 044 | |a SK | ||
| 245 | 1 | 0 | |a Zmena výšky minimálnej mzdy a jej vplyv na odvody do fondov v prípade SZČO |c Zuzana Macková |
| 520 | |a Nariadenie vlády SR č. 525/2004 Z.z., ktorým sa ustanovuje nová výška minimálnej mzdy - platné od 1. októbra 2004. História, funkcie a právna úprava minimálnej mzdy. Súčasná platná právna úprava minimálnej mzdy v SR. Výška minimálnej mzdy. Kratší pracovný čas. Minimálne mzdové nároky. Minimálna mzda a najnižší vymeriavací základ SZČO. Tabuľky platenia poistného. | ||
| 610 | 2 | 0 | |a mzdy minimálne |
| 610 | 2 | 0 | |a úpravy právne |
| 610 | 2 | 0 | |a odvody |
| 610 | 2 | 0 | |a poistné |
| 610 | 2 | 0 | |a Slovensko |
| 610 | 2 | 0 | |a predpisy |
| 610 | 2 | 0 | |a 2004 |
| 100 | 1 | |a Macková, Zuzana | |